00481nam a22001697a 450000500170000000800410001702000180005804000210007604100080009708200130010510000280011824500630014626000430020930000160025265000180026870000250028620230927113052.0230927b ||||| |||| 00| 0 eng d a9788186423622 aIN-DiNCcIN-DiNC deng a823bWOO aWoolf, Virginiaeauthor aMrs Dalloway/cby Virginia Woolf and edited by Brinda Bose aDelhi:bWorldview publications,c2017. axxxv, 349p. aEnglish novel aBose, BrindaeEditor